00481nam a2200145Ia 4500008004100000041000800041082001700049100001900066245001600085260003700101300003100138365000700169999001700176952014200193240624s9999 xx 000 0 und d aeng a332.6457 SOM aSOMANATHAN T V aDERIVATIVES c2012aNew DelhibTata McGrawhill axix, : 347 : p. : cm. ; 24 cRS c25415d25415 00104070aIMTNbIMTNcRack 12-Bd2015-11-19eVBCg325.00l1m1o332.6457 SOMp25415r2025-05-15 00:00:00s2024-08-17t1w2024-06-24yBK